| 000 | 00902na a2200289 4500 | ||
|---|---|---|---|
| 001 | 24494 | ||
| 003 | MIRAKIL | ||
| 005 | 20181213155335.0 | ||
| 008 | 181120b tu 000 0 | ||
| 020 | _a9756176393 | ||
| 040 |
_aMilas _btur _cTR-AnCHP |
||
| 041 | _atur | ||
| 082 |
_a956.1023092 _bD35t 2006 |
||
| 090 | _a956.1023092 D35t 2006 | ||
| 100 | _aDemirel, Merâl | ||
| 245 |
_aTam bir muhalif _bAbdulkadir Kemali Bey _cMeral Demirel |
||
| 260 |
_aİstanbul _bİstanbul Bilgi Üniversitesi _c2006 |
||
| 300 |
_axii, 421 s. _bfotğ. _c23 sm. |
||
| 440 |
_aİstanbul Bilgi Üniversitesi yayınları _v126 |
||
| 490 |
_aTarih _v18 |
||
| 504 | _aKaynakça ve dizin var. | ||
| 600 |
_aÖğütçü, Abdülkadir Kemali _d1889-1949 _xSiyasal yaşam |
||
| 610 |
_aTBMM _xTarih |
||
| 650 |
_aTürk siyasetçiler _xYaşamöyküsü |
||
| 650 |
_aSiyaset ve yönetim _xTürkiye |
||
| 942 |
_2ddc _cBKS |
||
| 999 |
_c10857 _d10857 |
||